[Event "Ruzomberok Montana op"]
[Site "Ruzomberok"]
[Date "2017.05.29"]
[Round "2"]
[White "Kluka, Vojtech"]
[Black "Nahalka, Jan"]
[Result "1/2-1/2"]
[WhiteElo "1589"]
[BlackElo "1799"]
[PlyCount "108"]
[EventDate "2017.05.28"]
[EventType "swiss"]
[EventRounds "9"]
[EventCountry "SVK"]
[SourceTitle "EXT 2018"]
[Source "ChessBase"]
[SourceDate "2017.10.13"]
[SourceVersion "1"]
[SourceVersionDate "2017.10.13"]
[SourceQuality "1"]

1. e4 e5 2. Nf3 Nc6 3. Bc4 Bc5 4. Nc3 Nf6 5. d3 d6 6. Bg5 h6 7. Bh4 g5 8. Bg3 Bg4 9. h3 Bxf3 10. Qxf3 Nd4 11. Qd1 c6 12. Ne2 Qe7 13. c3 Ne6 14. b4 Bb6 15. a4 0-0 16. a5 Bc7 17. h4 Nh5 18. hxg5 Qxg5 19. Qd2 Nef4 20. 0-0-0 Nxe2+ 21. Kc2 Qxd2+ 22. Kxd2 Nexg3 23. fxg3 Ng7 24. Rxh6 Bd8 25. Ke2 Ne6 26. Rdh1 Bg5 27. R6h5 Bf6 28. Rh6 Bg7 29. R6h5 Rad8 30. Kf3 d5 31. exd5 cxd5 32. Bb3 e4+ 33. dxe4 dxe4+ 34. Kxe4 Bxc3 35. Bd5 Rd7 36. g4 Rfd8 37. g3 Kf8 38. Rf5 Nd4 39. Rh8+ Kg7 40. Rxd8 Rxd8 41. Rxf7+ Kg6 42. Rxb7 Kg5 43. Rg7+ Kf6 44. Rxa7 Nb5 45. Rf7+ Kg5 46. Rf3 Bxb4 47. a6 Nc3+ 48. Kd4 Rxd5+ 49. Kc4 Rd6 50. Kxb4 Rxa6 51. Rxc3 Kxg4 52. Kb5 Rf6 53. Kb4 Rf3 54. Rxf3 Kxf3 1/2-1/2

[Event "EU Amateur-ch"]
[Site "Ruzomberok"]
[Date "2016.06.10"]
[Round "6"]
[White "Necula, Iulian"]
[Black "Kluka, Vojtech"]
[Result "1-0"]
[WhiteElo "1965"]
[BlackElo "1676"]
[PlyCount "61"]
[EventDate "2016.06.06"]
[EventType "swiss"]
[EventRounds "9"]
[EventCountry "SVK"]
[SourceTitle "CBM 172 Extra"]
[Source "ChessBase"]
[SourceDate "2016.06.21"]
[SourceVersion "1"]
[SourceVersionDate "2016.06.21"]
[SourceQuality "1"]

1. c4 e5 2. Nc3 Nc6 3. Nf3 f5 4. d4 e4 5. d5 Nb8 6. Nd4 d6 7. Qa4+ Bd7 8. Qb3 b6 9. g4 g6 10. gxf5 gxf5 11. Bh3 Qc8 12. Qc2 Bg7 13. Be3 Ne7 14. 0-0-0 Na6 15. Rhg1 Be5 16. Bg5 Ng6 17. f3 Bxh2 18. Rg2 Bf4+ 19. Kb1 Bxg5 20. Rxg5 0-0 21. fxe4 fxe4 22. Bxd7 Qxd7 23. Ne6 Rf7 24. Qxe4 Rf6 25. Qd4 Qf7 26. Ne4 Rf1 27. Rg1 Rxd1+ 28. Rxd1 Nc5 29. Nf6+ Kh8 30. Ng4+ Kg8 31. Nh6# 1-0

[Event "SVK-chT2D 1213"]
[Site "Slovakia"]
[Date "2012.10.14"]
[Round "2.8"]
[White "Sabol, Jan"]
[Black "Kluka, Vojtech"]
[Result "1-0"]
[WhiteElo "1901"]
[BlackElo "1771"]
[PlyCount "81"]
[EventDate "2012.10.13"]
[EventType "team-tourn"]
[EventRounds "11"]
[EventCountry "SVK"]
[SourceTitle "EXT 2015"]
[Source "ChessBase"]
[SourceDate "2014.11.20"]
[SourceVersion "1"]
[SourceVersionDate "2014.11.20"]
[SourceQuality "1"]
[WhiteTeam "Presov Slavia"]
[BlackTeam "Kosice Slavia UPJS III"]
[WhiteTeamCountry "SVK"]
[BlackTeamCountry "SVK"]

1. d4 d5 2. Nf3 e6 3. e3 Nf6 4. c4 c6 5. Nc3 Bd6 6. Bd3 0-0 7. 0-0 Nbd7 8. Qc2 e5 9. dxe5 Nxe5 10. Nxe5 Bxe5 11. f4 Bc7 12. cxd5 cxd5 13. h3 d4 14. Rd1 Bb6 15. Be2 Be6 16. Kh2 Rc8 17. exd4 Nd5 18. Qd3 Nb4 19. Qe4 Qd7 20. d5 Nxd5 21. Nxd5 Bxd5 22. Qxd5 Qe7 23. Qe5 Qb4 24. Bd2 Qa4 25. Bc3 f6 26. Qf5 Rc5 27. Rd5 Rc7 28. Rad1 Re7 29. Bf3 g6 30. Qg4 Qxa2 31. Ra5 Bxa5 32. Bd5+ Qxd5 33. Rxd5 Bc7 34. Rd7 Bxf4+ 35. g3 Rxd7 36. Qxd7 Bb8 37. Qe6+ Kg7 38. Qe7+ Kg8 39. Bxf6 Rf7 40. Qe6 h5 41. Qe8+ 1-0

[Event "Kosice Kotan Memorial 2nd"]
[Site "Kosice"]
[Date "2010.06.26"]
[Round "1"]
[White "Kluka, Vojtech"]
[Black "Krak, Tomas"]
[Result "0-1"]
[WhiteElo "1752"]
[BlackElo "2231"]
[PlyCount "114"]
[EventDate "2010.06.26"]
[EventType "swiss"]
[EventRounds "9"]
[EventCountry "SVK"]
[SourceTitle "CBM 137 Extra"]
[Source "ChessBase"]
[SourceDate "2010.09.01"]
[SourceVersion "1"]
[SourceVersionDate "2010.09.01"]
[SourceQuality "1"]

1. e4 c5 2. Nf3 Nc6 3. Bc4 e6 4. Nc3 a6 5. a4 Nf6 6. 0-0 Nxe4 7. Nxe4 d5 8. d3 dxc4 9. dxc4 f5 10. Qxd8+ Nxd8 11. Ng3 Nf7 12. Re1 Be7 13. Bf4 Bd7 14. b3 g5 15. Be5 Nxe5 16. Nxe5 Rd8 17. Nxd7 Kxd7 18. Rad1+ Bd6 19. Re2 h5 20. Rde1 h4 21. Nf1 Rhe8 22. Ne3 g4 23. Nd1 Bf8 24. Kf1 Bg7 25. Re3 Bf6 26. Rd3+ Ke7 27. Ne3 Kf7 28. Red1 Rd4 29. c3 Rxd3 30. Rxd3 Ke7 31. Ke2 Be5 32. g3 Rh8 33. b4 a5 34. b5 b6 35. Ng2 h3 36. Nf4 Bxf4 37. gxf4 Rg8 38. Rg3 Kf6 39. Rd3 Ke7 40. Rg3 Rd8 41. Rd3 Rxd3 42. Kxd3 Kf6 43. Ke3 e5 44. fxe5+ Kxe5 45. f4+ Kf6 46. Kf2 Kg6 47. Kg1 Kh5 48. Kf1 Kh4 49. Kf2 g3+ 50. hxg3+ Kg4 51. Kg1 Kxg3 52. Kf1 Kxf4 53. Kf2 Kg4 54. Kg1 f4 55. Kh2 f3 56. Kg1 Kf4 57. Kh2 f2 0-1

[Event "SVK-chT2D 0910"]
[Site "Slovakia"]
[Date "2009.10.11"]
[Round "2.5"]
[White "Kluka, Vojtech"]
[Black "Chudy, Rastislav"]
[Result "0-1"]
[WhiteElo "1736"]
[BlackElo "2107"]
[PlyCount "80"]
[EventDate "2009.10.10"]
[EventType "team"]
[EventRounds "11"]
[EventCountry "SVK"]
[SourceTitle "EXT 2011"]
[Source "ChessBase"]
[SourceDate "2010.11.26"]
[SourceVersion "1"]
[SourceVersionDate "2010.11.26"]
[SourceQuality "1"]
[WhiteTeam "Kosice Slavia III"]
[BlackTeam "Kezmarok II"]
[WhiteTeamCountry "SVK"]
[BlackTeamCountry "SVK"]

1. e4 d6 2. d4 Nf6 3. Bd3 g6 4. Bg5 Bg7 5. c3 c6 6. Na3 Qa5 7. Bd2 Nbd7 8. Nc4 Qc7 9. Ne3 e5 10. Ne2 0-0 11. f4 Re8 12. fxe5 dxe5 13. Ng3 Nf8 14. 0-0 Be6 15. Qc2 Rad8 16. Rf2 h5 17. Raf1 N8h7 18. dxe5 Qxe5 19. Nc4 Qc5 20. b4 Qe7 21. e5 Ng4 22. Rf3 Rxd3 23. Qxd3 Bxc4 24. Qxc4 Nxe5 25. Rxf7 Nxc4 26. Rxe7 Rxe7 27. Be1 Ne3 28. Rf3 h4 29. Nf1 Nf5 30. Bf2 Ng5 31. Rd3 Ne4 32. Bxa7 Nxc3 33. a3 Nd5 34. g4 hxg3 35. hxg3 Re1 36. Kf2 Rc1 37. g4 Rc2+ 38. Kf3 Nh4+ 39. Kg3 g5 40. Bd4 Rg2+ 0-1

[Event "SVK-chT2D 0809"]
[Site "Slovakia"]
[Date "2009.02.01"]
[Round "9.2"]
[White "Kluka, Vojtech"]
[Black "Mertens, Edgar"]
[Result "1-0"]
[WhiteElo "1745"]
[BlackElo "1691"]
[PlyCount "83"]
[EventDate "2008.10.11"]
[EventType "team-tourn"]
[EventRounds "11"]
[EventCountry "SVK"]
[SourceTitle "EXT 2010"]
[Source "ChessBase"]
[SourceDate "2010.11.25"]
[SourceVersion "1"]
[SourceVersionDate "2010.11.25"]
[SourceQuality "1"]
[WhiteTeam "Kosice Slavia UPJS III"]
[BlackTeam "Michalovce Zemplin II"]
[WhiteTeamCountry "SVK"]
[BlackTeamCountry "SVK"]

1. e4 e5 2. Nc3 Nf6 3. Bc4 Bc5 4. Nf3 Nc6 5. d3 h6 6. Nd5 d6 7. c3 Be6 8. b4 Bb6 9. a4 a6 10. Nxb6 cxb6 11. Bxe6 fxe6 12. Qb3 d5 13. 0-0 0-0 14. Re1 Qe8 15. Be3 Qg6 16. exd5 exd5 17. Bxb6 Kh8 18. Rad1 Rae8 19. b5 axb5 20. axb5 e4 21. dxe4 dxe4 22. Nh4 Qg4 23. bxc6 Qxh4 24. h3 bxc6 25. Bc5 Rg8 26. Rd6 Nd5 27. c4 Nf4 28. Rxc6 Nd3 29. Rf1 Nxc5 30. Rxc5 Rgf8 31. Qe3 Rf6 32. Kh2 Ref8 33. g3 Rf3 34. Qxf3 Qe7 35. Qe3 Rf3 36. Rc8+ Kh7 37. Qd4 e3 38. Qd3+ g6 39. Qd4 g5 40. Qh8+ Kg6 41. Rg8+ Kf5 42. g4+ 1-0

[Event "SVK-chT2D 0809"]
[Site "Slovakia"]
[Date "2009.01.31"]
[Round "8.2"]
[White "Kluka, Vojtech"]
[Black "Kusiak, Matej"]
[Result "0-1"]
[WhiteElo "1745"]
[BlackElo "1948"]
[PlyCount "62"]
[EventDate "2008.10.11"]
[EventType "team-tourn"]
[EventRounds "11"]
[EventCountry "SVK"]
[SourceTitle "EXT 2010"]
[Source "ChessBase"]
[SourceDate "2010.11.25"]
[SourceVersion "1"]
[SourceVersionDate "2010.11.25"]
[SourceQuality "1"]
[WhiteTeam "Kosice Slavia UPJS III"]
[BlackTeam "Kosice Akademik"]
[WhiteTeamCountry "SVK"]
[BlackTeamCountry "SVK"]

1. e4 c5 2. Nf3 d6 3. c3 Nf6 4. Na3 Nc6 5. d3 g6 6. Bg5 Bg7 7. Qd2 h6 8. Bf4 e5 9. Be3 Ng4 10. Nc2 Nxe3 11. Nxe3 Be6 12. Be2 0-0 13. h3 b5 14. Nh2 Ne7 15. Bg4 Qd7 16. Bxe6 Qxe6 17. Neg4 Kh7 18. f4 f5 19. exf5 gxf5 20. Nf2 exf4+ 21. Kd1 Nd5 22. Re1 Ne3+ 23. Kc1 Rfe8 24. Nd1 Qg6 25. g4 fxg4 26. Nxe3 fxe3 27. Rxe3 Rxe3 28. Qxe3 g3 29. Nf3 Re8 30. Qd2 Qf5 31. Ng1 Qf1+ 0-1

[Event "SVK-chT2D 0506"]
[Site "Slovakia"]
[Date "2005.11.26"]
[Round "3.7"]
[White "Serbin, Rastislav"]
[Black "Kluka, Vojtech"]
[Result "1-0"]
[WhiteElo "1928"]
[BlackElo "1864"]
[PlyCount "99"]
[EventDate "2005.10.22"]
[EventType "team-tourn"]
[EventRounds "11"]
[EventCountry "SVK"]
[SourceTitle "EXT 2009"]
[Source "ChessBase"]
[SourceDate "2008.11.26"]
[SourceVersion "1"]
[SourceVersionDate "2008.11.26"]
[SourceQuality "1"]

1. d4 d5 2. c4 c6 3. Nf3 dxc4 4. a4 b5 5. axb5 cxb5 6. e3 Qb6 7. Ne5 Bb7 8. b3 e6 9. bxc4 Bb4+ 10. Bd2 bxc4 11. Qa4+ Bc6 12. Qxb4 Qxb4 13. Bxb4 Ne7 14. Nxc4 Nd5 15. Bc5 Nd7 16. Nd6+ Ke7 17. Ba3 Kf6 18. Bd3 g6 19. 0-0 Rhb8 20. Nd2 Nb4 21. Bxb4 Rxb4 22. Rfb1 Rxb1+ 23. Rxb1 Nb6 24. Ba6 Rd8 25. N6e4+ Kg7 26. Rc1 Bd5 27. Rc7 Rd7 28. Rxd7 Nxd7 29. Nc3 Nb8 30. Nxd5 Nxa6 31. Ne7 Nc7 32. Nc6 a6 33. Nc4 Kf8 34. Kf1 f6 35. e4 Ke8 36. Ke2 Kd7 37. N6a5 Nb5 38. Kd3 Kc7 39. f4 h5 40. Nb3 Nd6 41. Nc5 Nxc4 42. Kxc4 Kb6 43. Nxe6 a5 44. Nc5 Kc6 45. d5+ Kb6 46. d6 Kc6 47. e5 fxe5 48. fxe5 g5 49. d7 Kc7 50. e6 1-0